000 01266nam a2200349 i 4500
001 8040
003 KOSZ 005
005 20220111122626.0
008 070620s1969 pl a f 000 0 pol
015 _aPB 1969/5046
040 _aWA N
_cWA N
_dKOSZ 005/RW
_dKOSZ 005/HR
041 1 _apol
_hger
080 _a69:725
100 1 _aSchmidt, Karl
_d(1928- )
_eAutor
245 1 0 _aZblokowane budynki przemysłowe /
_cKarl Schmidt ; tł., zmiany i uzup. Witold Korszyński, Zygmunt Mirski ; [wstęp Czesław Bąbiński].
246 1 _iTyt. oryg.:
_aKompakte Industriegebäude.
260 _aWarszawa :
_b"Arkady",
_c1969.
300 _a221, [2] s. :
_bil. ;
_c25 cm.
380 _aKsiążki
388 _a1901-2000
388 _a1945-1989
504 _aBibliogr. s. 215-[222].
650 4 _aBudownictwo przemysłowe
650 4 _aPrefabrykaty
658 _aArchitektura i budownictwo
700 1 _aMirski, Zygmunt
_eTłumaczenie
700 1 _aKorszyński, Witold
_eTłumaczenie
700 1 _aBąbiński, Czesław
_d(1915-1997)
_eWstęp
710 2 _aWydawnictwo Arkady
_4pbl.
856 _uhttp://koha.tu.koszalin.pl/cgi-bin/koha/opac-detail.pl?biblionumber=8040
_yKatalog online BPK
942 _2UKD
_cKS
999 _c8040
_d8040